| 000 | 00928nam a22002177a 4500 | ||
|---|---|---|---|
| 003 | NALT | ||
| 005 | 20210730152642.0 | ||
| 008 | s2543 th tha d | ||
| 040 | _aNALT | ||
| 041 | _atha | ||
| 090 | _aว SB99 ว549ก 2543 | ||
| 100 | 0 | _aวิชิต พูลลาภ | |
| 245 | 1 | 0 | _aการแก้ไขปัญหาหนี้สินของเกษตรกรและผู้ยากจนภายใต้การปกครองของรัฐบาลในระบอบประชาธิปไตย |
| 260 | 3 |
_aกรุงเทพฯ : _bสถาบันพระปกเกล้า, _c2543 |
|
| 300 |
_a53 หน้า : _b ตาราง ; _c 29 ซม. |
||
| 650 | 0 | 4 | _aหนี้สินเกษตรกร -- วิจัย |
| 650 | 0 | 4 | _aเกษตรกร -- วิจัย |
| 850 | _aNALT | ||
| 942 |
_cRSH _2lcc |
||
| 998 |
_bNOOPIN _j109 _k อารีรัตน์ วิชาช่าง |
||
| 999 |
_c30204 _d30204 |
||